<?xml version="1.0" encoding="UTF-8"?>
<collection xmlns="http://www.loc.gov/MARC21/slim">
 <record>
  <leader>02262aam a22003018a 4500</leader>
  <controlfield tag="001">NCT_17003</controlfield>
  <controlfield tag="008">140627s2014                  ||||||viesd</controlfield>
  <datafield tag="999" ind1=" " ind2=" ">
   <subfield code="c">800</subfield>
   <subfield code="d">800</subfield>
  </datafield>
  <datafield tag="020" ind1=" " ind2=" ">
   <subfield code="c">58000</subfield>
  </datafield>
  <datafield tag="082" ind1="0" ind2="4">
   <subfield code="2">23rd ed.</subfield>
   <subfield code="a">659.2</subfield>
   <subfield code="b">A614</subfield>
  </datafield>
  <datafield tag="100" ind1="1" ind2=" ">
   <subfield code="a">Gregory, Anne</subfield>
  </datafield>
  <datafield tag="245" ind1="1" ind2="0">
   <subfield code="a">Sáng tạo chiến dịch PR hiệu quả</subfield>
   <subfield code="c">Anne Gregory ; Trung An, Việt Hà (biên dịch)</subfield>
  </datafield>
  <datafield tag="260" ind1=" " ind2=" ">
   <subfield code="a">Tp. Hồ Chí Minh</subfield>
   <subfield code="b">Trẻ</subfield>
   <subfield code="c">2014</subfield>
  </datafield>
  <datafield tag="300" ind1=" " ind2=" ">
   <subfield code="a">270tr.</subfield>
   <subfield code="b">minh hoạ</subfield>
   <subfield code="c">21cm</subfield>
  </datafield>
  <datafield tag="500" ind1=" " ind2=" ">
   <subfield code="a">Dịch từ nguyên bản tiếng Anh: Planning and managing public relations campaigns</subfield>
  </datafield>
  <datafield tag="520" ind1="3" ind2=" ">
   <subfield code="a">Cung cấp những kiến thức và công cụ hữu ích về kỹ năng hoạch định và quản lý chiến dịch PR gồm: Làm rõ vai trò của PR trong tổ chức, khởi động quá trình hoạch định, nghiên cứu và phân tích, xác lập mục tiêu, xác định đối tượng công chúng và thông điệp, chiến lược và chiến thuật, khung thời gian và nguồn lực, đánh giá và rà soát</subfield>
  </datafield>
  <datafield tag="653" ind1=" " ind2=" ">
   <subfield code="a">Quan hệ công chúng (PR)</subfield>
  </datafield>
  <datafield tag="655" ind1=" " ind2=" ">
   <subfield code="a">Quan hệ công chúng (PR)</subfield>
  </datafield>
  <datafield tag="700" ind1="0" ind2=" ">
   <subfield code="a">Việt Hà</subfield>
   <subfield code="e">biên dịch</subfield>
  </datafield>
  <datafield tag="700" ind1="0" ind2=" ">
   <subfield code="a">Trung An</subfield>
   <subfield code="e">biên dịch</subfield>
  </datafield>
  <datafield tag="942" ind1=" " ind2=" ">
   <subfield code="2">ddc</subfield>
   <subfield code="c">BK</subfield>
  </datafield>
  <datafield tag="952" ind1=" " ind2=" ">
   <subfield code="0">0</subfield>
   <subfield code="1">0</subfield>
   <subfield code="2">ddc</subfield>
   <subfield code="4">0</subfield>
   <subfield code="6">659_200000000000000_A614</subfield>
   <subfield code="7">0</subfield>
   <subfield code="9">3008</subfield>
   <subfield code="a">000001</subfield>
   <subfield code="b">000001</subfield>
   <subfield code="d">2017-11-09</subfield>
   <subfield code="o">659.2 A614</subfield>
   <subfield code="p">MD.07739</subfield>
   <subfield code="r">2017-11-09</subfield>
   <subfield code="v">58000.00</subfield>
   <subfield code="w">2017-11-09</subfield>
   <subfield code="y">BK</subfield>
  </datafield>
  <datafield tag="952" ind1=" " ind2=" ">
   <subfield code="0">0</subfield>
   <subfield code="1">0</subfield>
   <subfield code="2">ddc</subfield>
   <subfield code="4">0</subfield>
   <subfield code="6">659_200000000000000_A614</subfield>
   <subfield code="7">0</subfield>
   <subfield code="9">3009</subfield>
   <subfield code="a">000001</subfield>
   <subfield code="b">000001</subfield>
   <subfield code="d">2017-11-09</subfield>
   <subfield code="o">659.2 A614</subfield>
   <subfield code="p">MD.07740</subfield>
   <subfield code="r">2017-11-09</subfield>
   <subfield code="v">58000.00</subfield>
   <subfield code="w">2017-11-09</subfield>
   <subfield code="y">BK</subfield>
  </datafield>
  <datafield tag="952" ind1=" " ind2=" ">
   <subfield code="0">0</subfield>
   <subfield code="1">0</subfield>
   <subfield code="2">ddc</subfield>
   <subfield code="4">0</subfield>
   <subfield code="6">659_200000000000000_A614</subfield>
   <subfield code="7">0</subfield>
   <subfield code="9">3010</subfield>
   <subfield code="a">000001</subfield>
   <subfield code="b">000001</subfield>
   <subfield code="d">2017-11-09</subfield>
   <subfield code="o">659.2 A614</subfield>
   <subfield code="p">MD.07742</subfield>
   <subfield code="r">2017-11-09</subfield>
   <subfield code="v">58000.00</subfield>
   <subfield code="w">2017-11-09</subfield>
   <subfield code="y">BK</subfield>
  </datafield>
  <datafield tag="952" ind1=" " ind2=" ">
   <subfield code="0">0</subfield>
   <subfield code="1">0</subfield>
   <subfield code="2">ddc</subfield>
   <subfield code="4">0</subfield>
   <subfield code="6">659_200000000000000_A614</subfield>
   <subfield code="7">0</subfield>
   <subfield code="9">3011</subfield>
   <subfield code="a">000001</subfield>
   <subfield code="b">000001</subfield>
   <subfield code="d">2017-11-09</subfield>
   <subfield code="o">659.2 A614</subfield>
   <subfield code="p">MD.07743</subfield>
   <subfield code="r">2017-11-09</subfield>
   <subfield code="v">58000.00</subfield>
   <subfield code="w">2017-11-09</subfield>
   <subfield code="y">BK</subfield>
  </datafield>
  <datafield tag="952" ind1=" " ind2=" ">
   <subfield code="0">0</subfield>
   <subfield code="1">0</subfield>
   <subfield code="2">ddc</subfield>
   <subfield code="4">0</subfield>
   <subfield code="6">659_200000000000000_A614</subfield>
   <subfield code="7">0</subfield>
   <subfield code="9">3012</subfield>
   <subfield code="a">000001</subfield>
   <subfield code="b">000001</subfield>
   <subfield code="d">2017-11-09</subfield>
   <subfield code="o">659.2 A614</subfield>
   <subfield code="p">MD.07744</subfield>
   <subfield code="r">2017-11-09</subfield>
   <subfield code="v">58000.00</subfield>
   <subfield code="w">2017-11-09</subfield>
   <subfield code="y">BK</subfield>
  </datafield>
  <datafield tag="952" ind1=" " ind2=" ">
   <subfield code="0">0</subfield>
   <subfield code="1">0</subfield>
   <subfield code="2">ddc</subfield>
   <subfield code="4">0</subfield>
   <subfield code="6">659_200000000000000_A614</subfield>
   <subfield code="7">0</subfield>
   <subfield code="9">3013</subfield>
   <subfield code="a">000001</subfield>
   <subfield code="b">000001</subfield>
   <subfield code="d">2017-11-09</subfield>
   <subfield code="o">659.2 A614</subfield>
   <subfield code="p">MD.07746</subfield>
   <subfield code="r">2017-11-09</subfield>
   <subfield code="v">58000.00</subfield>
   <subfield code="w">2017-11-09</subfield>
   <subfield code="y">BK</subfield>
  </datafield>
  <datafield tag="980" ind1=" " ind2=" ">
   <subfield code="a">Thư viện Trường Đại học Nam Cần Thơ</subfield>
  </datafield>
 </record>
</collection>
